000 00308pam a2200133a 44500
008 230405s2023 xxu||||| |||| 00| 0 eng d
041 _aENG
100 _aTripathi
245 _aJudicial Process
250 _a2018 Ed.
260 _aAllahabad
_bCental Law Pub
_c2023
300 _a1-61 P.p.
906 _a3776
999 _c274750
_d274750